000 00613nam a22001457a 4500
003 OSt
005 20150905115212.0
008 150905b xxu||||| |||| 00| 0 eng d
040 _cRUA
082 _aAGR ខៀវ 1992 B003 Or.1
100 _921
_aខៀវ ប៊ុណ្ណារិទ្ធ
245 _aប្រៀប ធៀបលក្ខណៈរូបសាស្រ្តុុ,ជីវសាស្រ្ត របស់ស្រូវ IR 66 , IR 72 និងKRU ក្នុងល័ក្ខខ័ណ្ឌដូចគ្នា(ចំការដូង)
300 _a90p.
_bill.
_c29cm.
942 _2ddc
_cAGR
999 _c21
_d21